[Event "Muensterland Verbandsklasse 2526"]
[Site "Germany"]
[Date "2026.01.17"]
[Round "5"]
[Board "1"]
[White "Kloenne, Tim"]
[Black "Hoffmann, Nico"]
[Result "1/2-1/2"]
[WhiteElo "1803"]
[BlackElo "1866"]
[WhiteFideId "-1"]
[BlackFideId "-1"]
[PlyCount "81"]
[GameId "2270928017285120"]
[EventDate "2025.??.??"]
[EventType "team-tourn"]
[EventRounds "9"]
[EventCountry "GER"]
[SourceTitle "Verband Muensterland"]
[SourceDate "2026.01.17"]
[SourceVersion "1"]
[SourceVersionDate "2026.01.17"]
[SourceQuality "1"]
[WhiteTeam "Gronau II"]
[BlackTeam "Drensteinfurt"]
[WhiteTeamCountry "GER"]
[BlackTeamCountry "GER"]

1. c4 b6 2. Nc3 e6 3. Nf3 Bb7 4. e3 Bb4 5. a3 Bxc3 6. bxc3 c5 7. Be2 Nc6 8. O-O Nge7 9. e4 d6 10. d3 O-O 11. Ne1 f5 12. exf5 Nxf5 13. Bf3 Qf6 14. Bd2 Rad8 15. Qc1 Qg6 16. Bf4 Rd7 17. Qd2 Kh8 18. Rd1 d5 19. cxd5 exd5 20. g3 d4 21. c4 Nd8 22. Bxb7 Rxb7 23. Qb2 Ne6 24. Ng2 Qg4 25. f3 Qh3 26. Bc1 Re7 27. Rde1 Nd6 28. Bf4 Nc8 29. Re4 Nxf4 30. Nxf4 Qd7 31. Rfe1 Rxe4 32. Rxe4 g5 33. Ne6 Rxf3 34. Nxg5 Rf5 35. Ne6 Nd6 36. Re1 Rf6 37. Nf4 Nf5 38. Nd5 Re6 39. Qf2 Qe8 40. Rf1 Ne3 41. Nc7 1/2-1/2

[Event "Muensterland Verbandsklasse 2526"]
[Site "Germany"]
[Date "2026.01.17"]
[Round "5"]
[Board "2"]
[White "Prokscha, Maurice"]
[Black "Reinhold, Klaus"]
[Result "1/2-1/2"]
[WhiteElo "1781"]
[BlackElo "1773"]
[WhiteFideId "-1"]
[BlackFideId "-1"]
[PlyCount "82"]
[GameId "2270928092782592"]
[EventDate "2025.??.??"]
[EventType "team-tourn"]
[EventRounds "9"]
[EventCountry "GER"]
[SourceTitle "Verband Muensterland"]
[SourceDate "2026.01.17"]
[SourceVersion "1"]
[SourceVersionDate "2026.01.17"]
[SourceQuality "1"]
[WhiteTeam "Drensteinfurt"]
[BlackTeam "Gronau II"]
[WhiteTeamCountry "GER"]
[BlackTeamCountry "GER"]

1. d4 d5 2. e4 dxe4 3. Nc3 e5 4. Nge2 exd4 5. Qxd4 Qxd4 6. Nxd4 Nf6 7. Bg5 Be7 8. Ndb5 Na6 9. O-O-O Bg4 10. Re1 c6 11. Bxf6 gxf6 12. Nxe4 Kd7 13. Nd4 Nc5 14. f3 Be6 15. Nxe6 fxe6 16. Bc4 e5 17. g4 b5 18. Nxc5+ Bxc5 19. Bd3 h6 20. Rhf1 Bd6 21. Be4 Rab8 22. Rd1 Kc7 23. Rd3 c5 24. Ra3 Kb6 25. Rd1 Rhd8 26. Rad3 Kc7 27. Rd5 Be7 28. Rxd8 Rxd8 29. Rxd8 Bxd8 30. Kd2 Kd6 31. Ke3 Bb6 32. Bb7 c4+ 33. Ke4 b4 34. Kf5 Ke7 35. f4 exf4 36. Kg6 f3 37. Kxh6 f2 38. Bg2 Bd4 39. b3 c3 40. g5 fxg5 41. Kxg5 Ke6 1/2-1/2

[Event "Muensterland Verbandsklasse 2526"]
[Site "Germany"]
[Date "2026.01.17"]
[Round "5"]
[Board "3"]
[White "Binger, Friedhelm"]
[Black "Berkhoff, Tim Henrik"]
[Result "0-1"]
[WhiteElo "1688"]
[BlackElo "1790"]
[WhiteFideId "-1"]
[BlackFideId "-1"]
[PlyCount "84"]
[GameId "2270928147308544"]
[EventDate "2025.??.??"]
[EventType "team-tourn"]
[EventRounds "9"]
[EventCountry "GER"]
[SourceTitle "Verband Muensterland"]
[SourceDate "2026.01.17"]
[SourceVersion "1"]
[SourceVersionDate "2026.01.17"]
[SourceQuality "1"]
[WhiteTeam "Gronau II"]
[BlackTeam "Drensteinfurt"]
[WhiteTeamCountry "GER"]
[BlackTeamCountry "GER"]

1. e4 c5 2. Nf3 Nc6 3. d4 cxd4 4. Nxd4 Nf6 5. Nc3 e5 6. Ndb5 d6 7. Bg5 a6 8. Na3 b5 9. Bxf6 gxf6 10. Nd5 f5 11. exf5 Bxf5 12. c3 Bg7 13. Nc2 O-O 14. Nce3 Be6 15. g3 Rb8 16. Bg2 f5 17. O-O a5 18. Nf6+ Qxf6 19. Bxc6 f4 20. Nc2 Bh3 21. Bg2 Bxg2 22. Kxg2 f3+ 23. Kg1 Qf5 24. Qd5+ Kh8 25. Ne1 Rf6 26. Rd1 Qg4 27. Rd3 e4 28. Re3 Re8 29. h3 Qxh3 30. Rxe4 Rxe4 31. Qxe4 Qh5 32. Qh4 Qf7 33. a3 Bf8 34. Qg4 Be7 35. Nd3 Rg6 36. Qf4 Rf6 37. Qg4 Qf8 38. Nf4 Qa8 39. Re1 Qb7 40. Nd5 Qxd5 41. Rxe7 Qd1+ 42. Kh2 Rh6+ 0-1

[Event "Muensterland Verbandsklasse 2526"]
[Site "Germany"]
[Date "2026.01.17"]
[Round "5"]
[Board "4"]
[White "Fleischmann, Andre"]
[Black "Baer, Klaus"]
[Result "1/2-1/2"]
[WhiteElo "1754"]
[BlackElo "1577"]
[WhiteFideId "-1"]
[BlackFideId "-1"]
[PlyCount "41"]
[GameId "2270928193445888"]
[EventDate "2025.??.??"]
[EventType "team-tourn"]
[EventRounds "9"]
[EventCountry "GER"]
[SourceTitle "Verband Muensterland"]
[SourceDate "2026.01.17"]
[SourceVersion "1"]
[SourceVersionDate "2026.01.17"]
[SourceQuality "1"]
[WhiteTeam "Drensteinfurt"]
[BlackTeam "Gronau II"]
[WhiteTeamCountry "GER"]
[BlackTeamCountry "GER"]

1. d4 Nf6 2. Nf3 e6 3. e3 b6 4. Bd3 Bb7 5. Nbd2 d5 6. O-O Bd6 7. Re1 Nbd7 8. e4 dxe4 9. Nxe4 Nxe4 10. Bxe4 Bxe4 11. Rxe4 Nf6 12. Bg5 Be7 13. Re1 O-O 14. Ne5 h6 15. Bh4 g5 16. Bg3 Bd6 17. Qf3 Kg7 18. Rad1 Qe7 19. h4 Nh7 20. hxg5 hxg5 21. Nc6 1/2-1/2

[Event "Muensterland Verbandsklasse 2526"]
[Site "Germany"]
[Date "2026.01.17"]
[Round "5"]
[Board "5"]
[White "Hauser, Emilian"]
[Black "Saphoerster, Arne"]
[Result "0-1"]
[WhiteElo "1522"]
[BlackElo "1705"]
[WhiteFideId "-1"]
[BlackFideId "-1"]
[PlyCount "60"]
[GameId "2270928239583232"]
[EventDate "2025.??.??"]
[EventType "team-tourn"]
[EventRounds "9"]
[EventCountry "GER"]
[SourceTitle "Verband Muensterland"]
[SourceDate "2026.01.17"]
[SourceVersion "1"]
[SourceVersionDate "2026.01.17"]
[SourceQuality "1"]
[WhiteTeam "Gronau II"]
[BlackTeam "Drensteinfurt"]
[WhiteTeamCountry "GER"]
[BlackTeamCountry "GER"]

1. d4 Nf6 2. Nf3 d5 3. e3 c5 4. c4 Nc6 5. Nbd2 cxd4 6. exd4 g6 7. b3 Bg7 8. Bb2 Bf5 9. Be2 O-O 10. O-O Rc8 11. Ne5 Nxe5 12. dxe5 Nd7 13. f4 Nb6 14. Rc1 dxc4 15. Nxc4 Nxc4 16. Rxc4 Rxc4 17. Bxc4 Qa5 18. Qe2 h5 19. a4 Bg4 20. Qe3 a6 21. h3 Bf5 22. Rd1 Qc7 23. Qd4 Rc8 24. Bd5 e6 25. Bf3 Bf8 26. Kh2 Bc5 27. Qc4 a5 28. Rc1 h4 29. Ba3 b6 30. b4 Bg1+ 0-1

[Event "Muensterland Verbandsklasse 2526"]
[Site "Germany"]
[Date "2026.01.17"]
[Round "5"]
[Board "6"]
[White "Walter, Kiara Laurien"]
[Black "Gerber, Oleg"]
[Result "1-0"]
[WhiteElo "1690"]
[BlackElo "1439"]
[WhiteFideId "-1"]
[BlackFideId "-1"]
[PlyCount "107"]
[GameId "2270928285720576"]
[EventDate "2025.??.??"]
[EventType "team-tourn"]
[EventRounds "9"]
[EventCountry "GER"]
[SourceTitle "Verband Muensterland"]
[SourceDate "2026.01.17"]
[SourceVersion "1"]
[SourceVersionDate "2026.01.17"]
[SourceQuality "1"]
[WhiteTeam "Drensteinfurt"]
[BlackTeam "Gronau II"]
[WhiteTeamCountry "GER"]
[BlackTeamCountry "GER"]

1. d4 d5 2. Nf3 Nf6 3. g3 Nc6 4. Bg2 Bf5 5. c4 e6 6. Nc3 Bb4 7. O-O O-O 8. Qb3 Bxc3 9. bxc3 b6 10. Nh4 Na5 11. Qa4 Nxc4 12. Nxf5 exf5 13. Bg5 Qd6 14. Bxf6 gxf6 15. Qc2 Qe6 16. a4 a5 17. Rfd1 Rae8 18. e3 Nd6 19. Qe2 Kh8 20. Rac1 Nc4 21. Bh3 Rg8 22. Re1 Nd6 23. Qd1 c6 24. Qb3 Rb8 25. Qc2 Rge8 26. Qe2 Rg8 27. Qf3 b5 28. axb5 cxb5 29. Rb1 Qe4 30. Qe2 a4 31. f3 Qe7 32. Qc2 Qe6 33. Qa2 Rge8 34. Qc2 Qd7 35. e4 dxe4 36. fxe4 Rxe4 37. Rxe4 Nxe4 38. Qxe4 fxe4 39. Bxd7 Kg7 40. Kf2 Kf8 41. Bxb5 f5 42. c4 Ke7 43. Ra1 Rd8 44. d5 Kd6 45. Rxa4 Kc5 46. Ra7 Rf8 47. Ke3 h6 48. Rc7+ Kd6 49. Rc6+ Ke5 50. Rxh6 Rg8 51. Ra6 Rd8 52. d6 Rxd6 53. Rxd6 Kxd6 54. h4 1-0

[Event "Muensterland Verbandsklasse 2526"]
[Site "Germany"]
[Date "2026.01.17"]
[Round "5"]
[Board "7"]
[White "Gerdes, Joachim"]
[Black "Walter, Kiron"]
[Result "0-1"]
[WhiteElo "1375"]
[BlackElo "1566"]
[WhiteFideId "-1"]
[BlackFideId "-1"]
[PlyCount "62"]
[GameId "2270928336052224"]
[EventDate "2025.??.??"]
[EventType "team-tourn"]
[EventRounds "9"]
[EventCountry "GER"]
[SourceTitle "Verband Muensterland"]
[SourceDate "2026.01.17"]
[SourceVersion "1"]
[SourceVersionDate "2026.01.17"]
[SourceQuality "1"]
[WhiteTeam "Gronau II"]
[BlackTeam "Drensteinfurt"]
[WhiteTeamCountry "GER"]
[BlackTeamCountry "GER"]

1. e4 c5 2. Nf3 e6 3. d4 cxd4 4. Nxd4 Nf6 5. Nc3 Nc6 6. Ndb5 Bb4 7. Nd6+ Ke7 8. Nxc8+ Rxc8 9. Bd3 d5 10. exd5 Nxd5 11. Bd2 Bxc3 12. bxc3 Ne5 13. c4 Nxc4 14. O-O Nxd2 15. Qxd2 Qc7 16. Qg5+ Nf6 17. c4 h6 18. Qh4 Rhd8 19. Rfd1 Qe5 20. Rac1 Rd4 21. Qg3 Qh5 22. Qf3 Qxf3 23. gxf3 Nd7 24. Bf1 Rxd1 25. Rxd1 Ne5 26. f4 Nxc4 27. Rc1 Nd6 28. Rxc8 Nxc8 29. Bg2 b5 30. a3 Nd6 31. Bf1 Nc4 0-1

[Event "Muensterland Verbandsklasse 2526"]
[Site "Germany"]
[Date "2026.01.17"]
[Round "5"]
[Board "8"]
[White "Tillkorn, Moritz"]
[Black "Bayer, Wladimir"]
[Result "0-1"]
[WhiteElo "1573"]
[BlackElo "1894"]
[WhiteFideId "-1"]
[BlackFideId "-1"]
[PlyCount "138"]
[GameId "2270928390578176"]
[EventDate "2025.??.??"]
[EventType "team-tourn"]
[EventRounds "9"]
[EventCountry "GER"]
[SourceTitle "Verband Muensterland"]
[SourceDate "2026.01.17"]
[SourceVersion "1"]
[SourceVersionDate "2026.01.17"]
[SourceQuality "1"]
[WhiteTeam "Drensteinfurt"]
[BlackTeam "Gronau II"]
[WhiteTeamCountry "GER"]
[BlackTeamCountry "GER"]

1. c4 e5 2. Nc3 Nf6 3. g3 d6 4. Bg2 Nc6 5. d3 g6 6. Nf3 Bg7 7. O-O O-O 8. Bg5 h6 9. Bd2 Rb8 10. a3 Be6 11. b4 a6 12. Rb1 Qd7 13. b5 Nd4 14. bxa6 bxa6 15. Nxd4 exd4 16. Ne4 Nxe4 17. Bxe4 c6 18. Qa4 d5 19. cxd5 Bxd5 20. Rxb8 Rxb8 21. Bxd5 Qxd5 22. Qxa6 c5 23. Rc1 Rb2 24. Qc8+ Kh7 25. Rxc5 Qa2 26. Be1 Rxe2 27. Kf1 Re6 28. Rc2 Qb1 29. Re2 Qxd3 30. Qc2 Qxa3 31. Rxe6 fxe6 32. Bd2 Qf3 33. Kg1 Qe2 34. Qc1 e5 35. Qe1 Qf3 36. Qc1 h5 37. Bg5 e4 38. Bf4 Qc3 39. Qxc3 dxc3 40. Bc1 Bh6 41. Ba3 Kg7 42. Kf1 Kf6 43. Ke2 Ke5 44. Kd1 Kd4 45. Kc2 e3 46. fxe3+ Bxe3 47. Bd6 Bd2 48. Bb4 g5 49. h3 g4 50. hxg4 hxg4 51. Bd6 Ke4 52. Bc7 Kf3 53. Kd1 Ke3 54. Bf4+ Kf3 55. Bc7 Ke4 56. Kc2 Be1 57. Kd1 Bf2 58. Ke2 Be3 59. Bd6 c2 60. Ba3 c1=Q 61. Bxc1 Bxc1 62. Kf2 Be3+ 63. Kg2 Bd4 64. Kh1 Kf3 65. Kh2 Kf2 66. Kh1 Be5 67. Kh2 Bxg3+ 68. Kh1 Bh4 69. Kh2 g3+ 0-1

[Event "Muensterland Verbandsklasse 2526"]
[Site "Germany"]
[Date "2026.01.17"]
[Round "5"]
[Board "1"]
[White "Welling, Konrad"]
[Black "Pohl, Tim"]
[Result "0-1"]
[WhiteElo "1835"]
[BlackElo "1945"]
[WhiteFideId "-1"]
[BlackFideId "-1"]
[PlyCount "128"]
[GameId "2095106920076468"]
[EventDate "2025.??.??"]
[EventType "team-tourn"]
[EventRounds "9"]
[EventCountry "GER"]
[SourceTitle "Verband Muensterland"]
[SourceDate "2026.01.17"]
[SourceVersion "1"]
[SourceVersionDate "2026.01.17"]
[SourceQuality "1"]
[WhiteTeam "Bocholt II"]
[BlackTeam "Telgte"]
[WhiteTeamCountry "GER"]
[BlackTeamCountry "GER"]

1. e4 d5 2. exd5 Nf6 3. Nf3 Bg4 4. Bb5+ Nbd7 5. d4 Nxd5 6. O-O c6 7. Be2 e6 8. c4 N5b6 9. Re1 Bxf3 10. Bxf3 Bb4 11. Bd2 Bxd2 12. Nxd2 O-O 13. b3 a5 14. Ne4 a4 15. Nc3 axb3 16. axb3 Qc7 17. Rc1 Nf6 18. Qe2 Rfe8 19. Qb2 Rad8 20. Rcd1 Re7 21. Rd2 Red7 22. Red1 Qf4 23. Ne2 Qg5 24. Qc3 Nc8 25. Qe3 Qa5 26. Qc3 Qc7 27. d5 cxd5 28. cxd5 Qxc3 29. Nxc3 Ne7 30. d6 Nf5 31. Ne4 Nxe4 32. Bxe4 Rxd6 33. Rxd6 Nxd6 34. Bf3 Kf8 35. Kf1 Ke7 36. Ke2 Ra8 37. Rd3 Ra2+ 38. Ke1 Rc2 39. Bd1 Rc5 40. Bf3 e5 41. Bd5 b6 42. Kd2 Nf5 43. Be4 Nd4 44. f4 f6 45. fxe5 fxe5 46. Rg3 g6 47. Rh3 Kf6 48. Rxh7 Nxb3+ 49. Ke3 Rc3+ 50. Ke2 Nc5 51. Bd5 e4 52. Rc7 Ke5 53. Bf7 Rc2+ 54. Kf1 g5 55. Bg6 Kd4 56. h3 b5 57. Rc8 b4 58. Rb8 b3 59. Bf7 b2 60. Ba2 Nd3 61. g3 Ke3 62. h4 gxh4 63. gxh4 Rc1+ 64. Kg2 Ra1 0-1

[Event "Muensterland Verbandsklasse 2526"]
[Site "Germany"]
[Date "2026.01.17"]
[Round "5"]
[Board "2"]
[White "Pohl, Detlev"]
[Black "Heister, Jonas"]
[Result "0-1"]
[WhiteElo "1859"]
[BlackElo "1743"]
[WhiteFideId "-1"]
[BlackFideId "-1"]
[PlyCount "88"]
[GameId "2095107169440957"]
[EventDate "2025.??.??"]
[EventType "team-tourn"]
[EventRounds "9"]
[EventCountry "GER"]
[SourceTitle "Verband Muensterland"]
[SourceDate "2026.01.17"]
[SourceVersion "1"]
[SourceVersionDate "2026.01.17"]
[SourceQuality "1"]
[WhiteTeam "Telgte"]
[BlackTeam "Bocholt II"]
[WhiteTeamCountry "GER"]
[BlackTeamCountry "GER"]

1. e4 e6 2. d4 d5 3. e5 c5 4. c3 Nc6 5. Be3 Qb6 6. Qd2 cxd4 7. cxd4 Nge7 8. Nf3 Nf5 9. Bd3 Bd7 10. Bxf5 exf5 11. Nc3 Be7 12. O-O Bb4 13. a3 Bxc3 14. Qxc3 Rc8 15. Rac1 O-O 16. Qd3 Na5 17. b4 Nc4 18. Rc3 Nxe3 19. fxe3 Rxc3 20. Qxc3 Rc8 21. Qd2 Qc6 22. Ra1 g6 23. Kf2 Qc4 24. Ra2 Kf8 25. Ne1 Ke7 26. Rc2 Qb3 27. Rxc8 Bxc8 28. Qc2 Qc4 29. Qxc4 dxc4 30. Ke2 b5 31. Nf3 Bb7 32. Ne1 Ke6 33. g3 Be4 34. Kd2 Kd5 35. Nc2 Bxc2 36. Kxc2 g5 37. Kc3 h5 38. h4 gxh4 39. gxh4 Ke4 40. a4 a6 41. a5 f4 42. exf4 Kxf4 43. Kd2 Ke4 44. Kc3 Kd5 0-1

[Event "Muensterland Verbandsklasse 2526"]
[Site "Germany"]
[Date "2026.01.17"]
[Round "5"]
[Board "3"]
[White "Harbring, Thorben"]
[Black "Dieckmann, Werner"]
[Result "1-0"]
[WhiteElo "1743"]
[BlackElo "1740"]
[WhiteFideId "-1"]
[BlackFideId "-1"]
[PlyCount "141"]
[GameId "2095107233178822"]
[EventDate "2025.??.??"]
[EventType "team-tourn"]
[EventRounds "9"]
[EventCountry "GER"]
[SourceTitle "Verband Muensterland"]
[SourceDate "2026.01.17"]
[SourceVersion "1"]
[SourceVersionDate "2026.01.17"]
[SourceQuality "1"]
[WhiteTeam "Bocholt II"]
[BlackTeam "Telgte"]
[WhiteTeamCountry "GER"]
[BlackTeamCountry "GER"]

1. f4 Nf6 2. Nf3 c5 3. e3 g6 4. b3 Bg7 5. Bb2 O-O 6. Be2 Nc6 7. Ne5 d6 8. Nxc6 bxc6 9. O-O a5 10. a4 Qb6 11. Bf3 Rb8 12. Qe2 d5 13. d3 c4 14. Bd4 cxd3 15. Qxd3 c5 16. Be5 Ba6 17. Qd2 Bxf1 18. Bxb8 Bxg2 19. Qxg2 Rxb8 20. Nc3 d4 21. Nb5 dxe3 22. Re1 c4 23. bxc4 Ne8 24. Qe2 Nd6 25. Qxe3 Qxe3+ 26. Rxe3 Nxb5 27. Rb3 Bd4+ 28. Kg2 Rc8 29. axb5 Rxc4 30. b6 Rxc2+ 31. Kg3 Bf2+ 32. Kh3 Rc8 33. b7 Rb8 34. Rb5 Be3 35. Kg3 h6 36. h4 a4 37. Bc6 a3 38. Ra5 Bb6 39. Rxa3 Bc7 40. Ra7 g5 41. Bd7 Kg7 42. Bc8 Bxf4+ 43. Kg4 f6 44. Kf5 Bd6 45. Ke6 Kg6 46. Ra4 gxh4 47. Rxh4 Kg5 48. Rh3 h5 49. Kd5 h4 50. Kc6 f5 51. Rf3 Bf4 52. Kb6 e5 53. Ra3 Kg4 54. Ka7 e4 55. Ra5 Rxb7+ 56. Kxb7 e3 57. Bxf5+ Kg3 58. Be4 h3 59. Ra2 Be5 60. Re2 Kf4 61. Bh1 Bf6 62. Kc6 Bh4 63. Kd5 Bf2 64. Kd4 Kg3 65. Ke4 h2 66. Bf3 Bg1 67. Rg2+ Kh4 68. Kf4 h1=Q 69. Rg4+ Kh3 70. Bxh1 e2 71. Rxg1 1-0

[Event "Muensterland Verbandsklasse 2526"]
[Site "Germany"]
[Date "2026.01.17"]
[Round "5"]
[Board "4"]
[White "Stepa, Rainer"]
[Black "Robeling, Stephan"]
[Result "1/2-1/2"]
[WhiteElo "1737"]
[BlackElo "1762"]
[WhiteFideId "-1"]
[BlackFideId "-1"]
[PlyCount "169"]
[GameId "2095107319190735"]
[EventDate "2025.??.??"]
[EventType "team-tourn"]
[EventRounds "9"]
[EventCountry "GER"]
[SourceTitle "Verband Muensterland"]
[SourceDate "2026.01.17"]
[SourceVersion "1"]
[SourceVersionDate "2026.01.17"]
[SourceQuality "1"]
[WhiteTeam "Telgte"]
[BlackTeam "Bocholt II"]
[WhiteTeamCountry "GER"]
[BlackTeamCountry "GER"]

{[%evp 0,94,12,31,45,-16,23,63,28,20,43,9,9,8,21,33,34,-8,-2,-2,48,60,78,67,85,134,128,99,5,-18,3,5,9,27,157,-13,44,41,40,16,48,-9,14,-27,1,-128,-43,-202,-25,-184,-49,-55,-73,-131,-107,-282,-187,-234,-85,-111,-98,-125,-13,-41,-1,-1,51,-188,-357,-370,-1,24,523,610,590,527,1011,478,461,411,592,310,175,299,329,277,377,398,366,387,477,254,271,187,225,103,690]} 1. e4 e6 2. Nf3 d5 3. exd5 exd5 4. d4 Bf5 5. Bd3 Bxd3 6. Qxd3 Nf6 7. Qb5+ c6 8. Qxb7 Qe7+ 9. Qxe7+ Bxe7 10. O-O O-O 11. Re1 Bd6 12. b3 Nbd7 13. Ba3 Bxa3 14. Nxa3 Ne4 15. Re3 a5 16. c4 Rfb8 17. cxd5 cxd5 18. Nb1 Rc8 19. Nbd2 Nxd2 20. Nxd2 Rc2 21. Nf1 Kf8 22. Rd3 Rac8 23. Ne3 Rc1+ 24. Rd1 Rxa1 25. Rxa1 Nf6 26. f3 g6 27. Kf2 Ke7 28. Ke2 a4 29. Kd2 axb3 30. axb3 Rb8 31. Kc3 Rc8+ 32. Kb2 Rb8 33. Ra4 Ke6 34. Ra6+ Ke7 35. Ka3 Rc8 36. Ra5 Ke6 37. Ra6+ Ke7 38. Ka4 Rc3 39. Rxf6 Rxe3 40. Rf4 Re2 41. Rg4 f5 42. Rg3 Rd2 43. Kb5 Rxd4 44. Kc5 Rd1 45. f4 Ke6 46. Re3+ Kf6 47. b4 d4 48. Rb3 d3 49. Kd4 d2 50. Kd3 Rg1 51. Kxd2 Rxg2+ 52. Kd3 Rxh2 53. Kc4 Rf2 54. b5 Rxf4+ 55. Kc5 Re4 56. b6 Re8 57. Kc6 g5 58. b7 g4 59. b8=Q Rxb8 60. Rxb8 Ke5 61. Rh8 f4 62. Rxh7 f3 63. Re7+ Kd4 64. Rg7 Ke3 65. Rxg4 f2 66. Rg3+ Ke4 67. Rg4+ Ke5 68. Rg5+ Kf6 69. Rd5 f1=Q 70. Kc5 Qf4 71. Rd4 Qc7+ 72. Kb5 Ke5 73. Rc4 Qb7+ 74. Kc5 Qa7+ 75. Kc6 Qa6+ 76. Kc5 Qd6+ 77. Kb5 Kd5 78. Rc3 Qb8+ 79. Ka4 Kd4 80. Rc2 Qb6 81. Rf2 Kc3 82. Rf3+ Kc2 83. Ra3 Qc5 84. Ra2+ Kc3 85. Rc2+ 1/2-1/2

[Event "Muensterland Verbandsklasse 2526"]
[Site "Germany"]
[Date "2026.01.17"]
[Round "5"]
[Board "5"]
[White "Harbring, Morten"]
[Black "Koenig, Michael"]
[Result "1-0"]
[WhiteElo "1535"]
[BlackElo "1670"]
[WhiteFideId "-1"]
[BlackFideId "-1"]
[PlyCount "35"]
[GameId "2095107403830488"]
[EventDate "2025.??.??"]
[EventType "team-tourn"]
[EventRounds "9"]
[EventCountry "GER"]
[SourceTitle "Verband Muensterland"]
[SourceDate "2026.01.17"]
[SourceVersion "1"]
[SourceVersionDate "2026.01.17"]
[SourceQuality "1"]
[WhiteTeam "Bocholt II"]
[BlackTeam "Telgte"]
[WhiteTeamCountry "GER"]
[BlackTeamCountry "GER"]

1. e4 e5 2. Bc4 Nf6 3. d4 Qe7 4. Nc3 exd4 5. Qxd4 Nc6 6. Qd3 Ne5 7. Qe2 Qb4 8. Bb3 Bc5 9. Bd2 Qb6 10. f4 Neg4 11. Nh3 O-O 12. e5 Re8 13. O-O-O d6 14. Rde1 Nf2 15. Na4 Bg4 16. Nxb6 Bxe2 17. Nxa8 Nxh1 18. Nxc7 1-0

[Event "Muensterland Verbandsklasse 2526"]
[Site "Germany"]
[Date "2026.01.17"]
[Round "5"]
[Board "6"]
[White "Rex, Dieter"]
[Black "Schneiders, Ben"]
[Result "0-1"]
[WhiteElo "1643"]
[BlackElo "1729"]
[WhiteFideId "-1"]
[BlackFideId "-1"]
[PlyCount "64"]
[GameId "2095107464140001"]
[EventDate "2025.??.??"]
[EventType "team-tourn"]
[EventRounds "9"]
[EventCountry "GER"]
[SourceTitle "Verband Muensterland"]
[SourceDate "2026.01.17"]
[SourceVersion "1"]
[SourceVersionDate "2026.01.17"]
[SourceQuality "1"]
[WhiteTeam "Telgte"]
[BlackTeam "Bocholt II"]
[WhiteTeamCountry "GER"]
[BlackTeamCountry "GER"]

1. d4 Nf6 2. c4 e5 3. dxe5 Ng4 4. Nc3 Nxe5 5. e4 Bb4 6. Bd2 O-O 7. Nf3 d6 8. Nxe5 dxe5 9. Be2 c6 10. O-O a5 11. Qc2 Be6 12. Rad1 Nd7 13. Be3 Qc7 14. a3 Be7 15. Rd2 Rfd8 16. f4 exf4 17. Bxf4 Ne5 18. Na4 Rxd2 19. Qxd2 Rd8 20. Qc2 Bf6 21. Nc5 Qb6 22. Be3 Ng4 23. Bxg4 Bxg4 24. b3 Qc7 25. Nd3 Qd6 26. Nf2 Bh5 27. g4 Bg6 28. Rd1 Qe5 29. Rxd8+ Bxd8 30. Kg2 Bc7 31. h3 Qg3+ 32. Kf1 Qxe3 0-1

[Event "Muensterland Verbandsklasse 2526"]
[Site "Germany"]
[Date "2026.01.17"]
[Round "5"]
[Board "7"]
[White "Sieverding, Jakob"]
[Black "Kuhlenbaeumer, Alfred"]
[Result "0-1"]
[WhiteElo "1027"]
[BlackElo "1781"]
[WhiteFideId "-1"]
[BlackFideId "-1"]
[PlyCount "98"]
[GameId "2095107553645802"]
[EventDate "2025.??.??"]
[EventType "team-tourn"]
[EventRounds "9"]
[EventCountry "GER"]
[SourceTitle "Verband Muensterland"]
[SourceDate "2026.01.17"]
[SourceVersion "1"]
[SourceVersionDate "2026.01.17"]
[SourceQuality "1"]
[WhiteTeam "Bocholt II"]
[BlackTeam "Telgte"]
[WhiteTeamCountry "GER"]
[BlackTeamCountry "GER"]

1. e4 d6 2. d4 g6 3. Nf3 Bg7 4. Bc4 Nf6 5. Qe2 O-O 6. e5 dxe5 7. dxe5 Nd5 8. O-O c6 9. h3 Qc7 10. Bd2 Nd7 11. Re1 N7b6 12. Bb3 a5 13. a3 h6 14. c4 e6 15. cxd5 exd5 16. Bc3 c5 17. Qd2 a4 18. Ba2 Qc6 19. b4 axb3 20. Bxb3 Be6 21. Bb2 Na4 22. Bxa4 Rxa4 23. Nc3 Ra6 24. Rad1 d4 25. Ne4 Bf5 26. Ng3 Bxh3 27. Rc1 Qd5 28. Qd3 Be6 29. Qe4 Qb3 30. Qc2 Rb6 31. Qxb3 Rxb3 32. Ba1 b6 33. Rb1 Ra8 34. Rxb3 Bxb3 35. Bb2 Bd5 36. Ne4 Rd8 37. Nfd2 Be6 38. f4 c4 39. Nf3 c3 40. Bc1 Bf5 41. Nd6 d3 42. Rd1 Bf8 43. Nxf5 gxf5 44. Kf2 Bc5+ 45. Ke1 c2 46. Rd2 Be3 47. Rxc2 dxc2 48. Bxe3 Rd1+ 49. Ke2 c1=Q 0-1

[Event "Muensterland Verbandsklasse 2526"]
[Site "Germany"]
[Date "2026.02.21"]
[Round "6"]
[Board "1"]
[White "Pinno, Gregor"]
[Black "Raus, Michael"]
[Result "1-0"]
[WhiteElo "1976"]
[BlackElo "1702"]
[WhiteFideId "-1"]
[BlackFideId "-1"]
[PlyCount "89"]
[GameId "2283691392667797"]
[EventDate "2025.??.??"]
[EventType "team-tourn"]
[EventRounds "9"]
[EventCountry "GER"]
[SourceTitle "Verband Muensterland"]
[SourceDate "2026.01.17"]
[SourceVersion "1"]
[SourceVersionDate "2026.01.17"]
[SourceQuality "1"]
[WhiteTeam "Olfen"]
[BlackTeam "Steinfurt II"]
[WhiteTeamCountry "GER"]
[BlackTeamCountry "GER"]

1. e4 e6 2. d3 d5 3. Nd2 Nf6 4. Ngf3 c5 5. g3 Nc6 6. Bg2 Be7 7. O-O O-O 8. e5 Nd7 9. Re1 Qc7 10. Qe2 b5 11. Nf1 Nb6 12. h4 a5 13. N1h2 d4 14. h5 Nd5 15. h6 g6 16. Ng4 f5 17. exf6 Nxf6 18. Nfe5 Nxe5 19. Nxf6+ Bxf6 20. Bxa8 Bd7 21. Bg2 Nf7 22. Qe4 Nd6 23. Bf4 Qb6 24. Bxd6 Qxd6 25. f4 Re8 26. Re2 Kf7 27. Rae1 a4 28. Qb7 Re7 29. Kh2 c4 30. Rf1 Qc5 31. Bf3 a3 32. bxa3 Qxa3 33. Qa8 Qc5 34. Rb1 e5 35. Qd5+ Qxd5 36. Bxd5+ Be6 37. Bxe6+ Rxe6 38. fxe5 Bxe5 39. Rf2+ Ke7 40. Rxb5 cxd3 41. cxd3 Kd6 42. Rb6+ Kd5 43. Rxe6 Kxe6 44. a4 Bc7 45. Rf8 1-0